Quiz del Señor de los Anillos (A-Z) - Estadísticas

Estadísticas generales
  • Esta prueba ha sido intentada 123 veces
  • La puntuación promedio es 16 de 24
Estadísticas de respuestas
Letra Pista Respuesta % Correcto
B Apellido compartido entre Bilbo y Frodo. Bolsón
96%
A Miembro de la comunidad del anillo y de raza Humana. Aragorn
95%
H Raza a la que pertenece Pippin y Merry, miembros de la comunidad del anillo. Hobbit
91%
L ¿Cómo se llama el único Elfo miembro de la Comunidad del Anillo? Legolas
91%
M El nombre de la Segunda Película (Las Dos Torres) hace referencia a la Torre de Saruman, i la Torre de Sauron. ¿Dónde se encuentra esta última? Mordor
89%
O ¿Como se llama la raza de criaturas sirvientes de Sauron? Orcos
89%
G Nombre de el úncio Enano miembro de la comunidad del anillo. Gimli
85%
F Hijo de Denethor II i hermano menor de Boromir. Boromir fue miembro de la comunidad del anillo. Faramir
84%
P Hobbit miembro de la comunidad del Anillo que se termina convirtiendo en guardián de Gondor. Pippin
84%
S Nombre original de la criatura Gollum. Sméagol
79%
E Nombre que reciben los seres que se caracterizan por tener forma de árboles, con características humanas. Ents
75%
R Nombre del Valle Élfico donde vive Elrond, cerca de las Montañas Nubladas y al Oeste del Bosque Negro. Rivendel
74%
N ¿Como se llaman los Nueve espectros del anillos que se encuentran a servicio de Sauron? Nazgûl
71%
I Nombre de la fortaleza donde se encuentra la torre de Orthanc. Isengard
69%
T Nombre que reciben unas criaturas muy similares a los Orcos pero más pequeños y que en las películas aparecen en las Montañas Nubladas y en Moira. (Aunque esta palabra en los libros se utiliza para referirse también a los Orcos). Trasgo/s
67%
U Nombre de una raza de Orcos superior, capaces de soportar la luz solar. Uruk-hai
67%
Y Pieza de la armadura que protegía a los jinetes de Rohan que les protegía la cabeza en batalla. Yelmo de Rohirrim
65%
J Autor de la saga de libros de "El Señor de los Anillos" y de "El Hobbit". J.R.R Tolkien
60%
D Descendientes de los hombres de Númenor, y pubelo de Aragorn. Dúnedain
51%
C Uno de los Elfos más sabios, Señor de Lothlórien y marido de Galadriel. Celeborn
45%
Q Idioma hablado por los elfos. También conocido como Alto Élfico. Quenya
34%
V ¿Cómo se llama uno de los tres anillos de poder Élficos, conocido como anillo del Aire y perteneciente a Elrond? Vilya
18%
W Raza de hombres atípica también conocida como Drúedain o Hombres Púkel. Woses
13%
Z Nombre de una de las montañas más altas del Macizo de las Montañas Nubladas. Lugar también donde se desencadenó la Batalla entre Gandalf i el Balrog. Zirak-Zigil
13%
No se encontraron pruebas coincidentes
Distribución de puntuación
Porcentaje de gente con cada puntuación
Porcentaje por número respondido
Historial de tus puntuaciones
No has intentado esta prueba.